000
00309nam a2200121 a 4500
005
20141022142000.0
008
080915s19uu xx 00 eng d
050
_a
VHS
_b
S1 2004
245
_a
Sips and methods: marcie reunion.
650
_a
VHS.
650
_a
Sips and methods: marcie reunion.
942
_c
AVM
999
_c
276231
_d
276231